Szabó László határtalan tudományossága a 70 éves néprajzkutató eredményei egyéniek, csak hozzá köthetők, de rendszert alkotnak ...

Podrobná bibliografia
Hlavný autor: Gecse, Annabella, 1972- (Autor)
Médium: Článok
Jazyk:maďarčina
Fyzický popis:Fotogr.
ISSN:1335-7050
Predmet:

MARC

LEADER 00000nab a2200000 ar4500
001 vtls009966708
003 SK-MaSNL
005 20260319074311.0
008 091104c20091017xo |||||||| 000 b|hun
015 |a SNBRB2009/11  |2 snkbucl 
038 |a SNKBUCL 
040 |a DSZK  |b slo  |c DSZK  |e AACR2 
041 0 |a hun 
044 |a xo  |c SK 
080 |a 39-051  |2 2001 
080 |a 929 Szabó, László  |2 2001 
100 1 |a Gecse, Annabella,  |d 1972-  |4 aut  |9 360459 
245 1 0 |a Szabó László határtalan tudományossága  |b a 70 éves néprajzkutató eredményei egyéniek, csak hozzá köthetők, de rendszert alkotnak ...  |c Gecse Annabella 
300 |b Fotogr. 
600 1 7 |a Szabó, László,  |d 1939-  |2 snkbucl  |9 1036907 
650 0 7 |a etnografi  |2 SNKPH  |9 110822 
655 7 |a profily  |2 snkbucl  |9 341977 
773 0 |t Új szó  |g Évf. 62, sz. 240 (17.10.2009), o. [11]  |x 1335-7050 
773 0 8 |i Mell.:  |t Szalon  |g Évf. 3, sz. 41 (2009) 
852 |a SNK  |b KIS3GCP 
852 |a DSZK  |b KIS3GCP 
958 |a HU 
958 |a SK 
958 |a BC 
999 |c 1704947  |d 1706877